| 000 | 00708cam a22002297a 4500 | ||
|---|---|---|---|
| 001 | 000008016 | ||
| 005 | 20200929154408.0 | ||
| 008 | 900508s1991 sp 000 f spa | ||
| 020 | _a8474441560 | ||
| 040 |
_aDO-SdBNP _dBNPHU |
||
| 082 |
_a863.64 _bF362v |
||
| 100 | 1 |
_aFernán-Gómez, Fernando, _d1921-2007 _921911 |
|
| 245 | 1 | 3 |
_aEl viaje a ninguna parte / _cFernando Fernán-Gómez ; prólogo de Francisco Umbral. |
| 260 |
_aMadrid : _bDebate, _c1991. |
||
| 300 |
_a268 p. ; _c21 cm. |
||
| 490 | 1 | _aLiteratura | |
| 650 | 4 |
_aNovela española _91123 |
|
| 650 | 4 |
_aLiteratura española _9632 |
|
| 700 | 1 |
_aUmbral, Francisco, _eprol. _95877 |
|
| 830 | 0 |
_aLiteratura _98095 |
|
| 910 | _aCatalogación derivada | ||
| 999 |
_c7793 _d7793 |
||